00410nam a2200145Ia 4500100002200000942000700022654001400029245002500043260003400068082001100102300000800113546001200121999001700133952011400150 aCrouse/William H  cBK aMechanics aAutomobile Mechanics bMc Graw HillaSt. Louisc1956 a629.23 a616 aENGLISH c30331d30331 001040708AFTaCRCEbCRCEd2023-03-17g35.00iT-748l0o629.23 pAFT2056r2023-03-17v35.00w2023-03-17yBK